Конституционное право Российской Федерации Учебное пособие
Практикум содержит темы семинарских занятий перечень вопросов к каждой теме источники правового регулирования основные термины и комплекс теоретических и практических заданий. Каждая тема также сопровождается вопросами для размышления которые могут стать предметом для дискуссии для формирования мнен...
Сохранить в:
| 主要作者: | |
|---|---|
| 格式: | Учебное пособие |
| 版: | 1 |
| 在線閱讀: | https://znanium.com/catalog/document?id=341453 https://znanium.com/cover/1029/1029095.jpg |
| 標簽: |
添加標簽
沒有標簽, 成為第一個標記此記錄!
|
| LEADER | 03168nam0a2200385 i 4500 | ||
|---|---|---|---|
| 001 | RU\infra-m\znanium\bibl\1029095 | ||
| 003 | https://znanium.com/catalog/document?id=341453 | ||
| 005 | 20241119000000.0 | ||
| 010 | |a 978-5-369-01735-7 | ||
| 010 | |a 978-5-16-106155-8 |b электр. издание | ||
| 010 | |a 978-5-16-013501-4 |b ISBN соиздателя | ||
| 100 | |a 20241119d2019 m y0rusy0150 ca | ||
| 101 | 0 | |a rus | |
| 102 | |a RU | ||
| 200 | 1 | |a Конституционное право Российской Федерации |e Учебное пособие |f Костромской государственный университет | |
| 205 | |a 1 | ||
| 210 | 1 | |a Москва |c Издательский Центр РИОР |d 2019 | |
| 215 | |a 84 с. | ||
| 330 | |a Практикум содержит темы семинарских занятий перечень вопросов к каждой теме источники правового регулирования основные термины и комплекс теоретических и практических заданий. Каждая тема также сопровождается вопросами для размышления которые могут стать предметом для дискуссии для формирования мнения у обучающихся по проблемным вопросам. Практикум подготовлен в соответствии с федеральным государственным образовательным стандартом высшего образования по направлению подготовки «Юриспруденция» квалификация (степень) бакалавр. Практикум предназначен для обучающихся преподавателей и всех кто интересуется конституционным правом Российской Федерации стремится к более глубокому творческому усвоению теоретического материала. | ||
| 333 | |a ВО - Бакалавриат | ||
| 606 | |a Право. Юридические науки |x Конституционное (государственное) право |2 local | ||
| 608 | |a Учебное пособие |2 local | ||
| 675 | |a 342(075.8) |z rus | ||
| 686 | |a 67.400я73 |2 rubbk | ||
| 686 | |a 38.03.04 |2 okso | ||
| 686 | |a 40.03.01 |2 okso | ||
| 686 | |a 40.05.01 |2 okso | ||
| 686 | |a 40.05.02 |2 okso | ||
| 686 | |a 40.05.03 |2 okso | ||
| 686 | |a 40.05.04 |2 okso | ||
| 686 | |a 44.03.05 |2 okso | ||
| 700 | 1 | |a Лукоянов |b Д.Н. |g Денис Николаевич |p Костромской государственный университет | |
| 801 | 0 | |a RU |b Общество с ограниченной ответственностью «ЗНАНИУМ» |c 20190409 |2 rusmarc | |
| 856 | 4 | |a znanium.com |m ebs_support@infra-m.ru |n НИЦ ИНФРА-М |u https://znanium.com/catalog/document?id=341453 | |
| 856 | 4 | 1 | |a znanium.com |d /cover/1029 |f 1029095.jpg |q image/jpeg |u https://znanium.com/cover/1029/1029095.jpg |